Chișinău International Airport Destinations (Chișinău, Moldova) - Statistics

General Stats
  • This quiz has been taken 146 times
    92 since last reset
  • The average score is 48 of 67
Answer Stats
Airline Destination % Correct
HiSky/TAROM/Wizz Air Bucharest (Otopeni)
98%
FlyOne Madrid
98%
FlyOne/Wizz Air Barcelona
96%
Azerbaijan Airlines Baku
95%
Wizz Air Budapest
95%
FlyOne/HiSky/Turkish Airlines Istanbul
95%
Pegasus Airlines Istanbul (Sabiha Gokcen)
95%
FlyOne/Wizz Air Berlin
93%
FlyOne Brussels
93%
FlyOne/Wizz Air London (Luton)
93%
FlyOne/HiSky London (Stansted)
93%
FlyOne Paris (Charles de Gaulle)
91%
Transavia Paris (Orly)
91%
Austrian Airlines/Wizz Air Vienna
91%
FlyOne Armenia Yerevan
91%
FlyOne Amsterdam
89%
Aegean Airlines/SkyUp Airlines Athens
89%
LOT Polish Airlines/Wizz Air Warsaw (Chopin)
89%
FlyOne/Wizz Air Milan (Malpensa)
88%
FlyOne/HiSky/Wizz Air Rome (Fiumicino)
88%
HiSky/Lufthansa Frankfurt
86%
FlyOne/Georgian Wings Tbilisi
86%
Air Anka/FlyOne/Freebird Airlines/HiSky/Mavi Gok Airlines/Pegasus Airlines/Tailwind Airlines/ Antalya
82%
FlyOne/SkyUp Airlines Nice
82%
airBaltic Riga
80%
FlyOne Copenhagen
79%
FlyOne/HiSky/Israir/Sun d'Or Tel Aviv
79%
HiSky/Wizz Air Venice
79%
Eurowings Cologne/Bonn
77%
FlyOne Dubai (Al Maktoum)
77%
FlyOne Dubai (International)
77%
FlyOne/HiSky Dublin
77%
FlyOne/SkyUp Airlines Lisbon
77%
FlyOne Lyon
77%
FlyOne Munich
77%
FlyOne/HiSky Dusseldorf
75%
FlyOne Manchester
75%
HiSky Hamburg
73%
FlyOne Izmir
73%
FlyOne Prague
71%
Wizz Air Abu Dhabi
66%
FlyOne Turin
66%
FlyOne/SkyUp Airlines Thessaloniki
64%
FlyOne Valencia
64%
FlyOne/HiSky/Wizz Air Bologna
63%
FlyOne/SkyUp Airlines Alicante
61%
FlyOne/SkyUp Airlines Heraklion
61%
Eurowings/FlyOne Stuttgart
61%
HiSky Bergamo
59%
FlyOne Hahn
57%
FlyOne/SkyUp Airlines/Wizz Air Larnaca
55%
Wizz Air Wroclaw
55%
FlyOne Bodrum
54%
FlyOne/SkyUp Airlines Palma de Mallorca
54%
FlyOne/Wizz Air Verona
54%
SkyUp Airlines Corfu
50%
HiSky/Sky Vision Airlines Hurghada
48%
Wizz Air Nuremberg
48%
FlyOne/Sky Vision Airlines Sharm El Sheikh
48%
Wizz Air Dortmund
45%
Wizz Air Katowice
45%
FlyOne Bremen
43%
Wizz Air Charleroi
41%
Wizz Air Memmingen
39%
HiSky/SkyUp Airlines/Wizz Air Beauvais
36%
FlyOne Tivat
23%
FlyOne Parma
16%
No matching quizzes found
Score Distribution
Percent of People with Each Score
Percentile by Number Answered
Your Score History
You have not taken this quiz since the last reset